| 000 | 00428nam a22001577a 4500 | ||
|---|---|---|---|
| 999 |
_c168718 _d168718 |
||
| 005 | 20191022143005.0 | ||
| 010 | _aB-215777 | ||
| 020 |
_a8129111470 _c195.00 |
||
| 035 | _aB-215777 | ||
| 100 | _aRavi Subramanian | ||
| 245 |
_aIf God Was a Banker _cSubramanian, Ravi |
||
| 260 |
_aNew Delhi _bRupa & Co. _c2007 |
||
| 270 |
_a7/16 Ansari Road Darya ganj _bNew Delhi _e110002 |
||
| 300 |
_a260p. _c21c.m. |
||
| 942 |
_2ddc _cEN _kN _mSUB |
||